| 000 | 00777nam a2200265Ia 4500 | ||
|---|---|---|---|
| 003 | OSt | ||
| 005 | 20220925221613.0 | ||
| 006 | a|||||r|||| 00| 0 | ||
| 007 | ta | ||
| 008 | 220923b |||||||| |||| 00| 0 eng d | ||
| 037 | _cGeneral Book | ||
| 040 |
_aRTL _cRTL _beng |
||
| 041 |
_2eng _aeng |
||
| 082 | _aU45.1(X).N8, M7 | ||
| 100 |
_aFindlay Allan _9132018 |
||
| 245 | 0 | _aPopulation and development in the third world | |
| 260 |
_aLondon _bMethuen Published U K _c1987 |
||
| 300 |
_axii,84p _ccm. |
||
| 490 | _aMethuen introductions to development | ||
| 500 | _aBib p. 78-81 | ||
| 650 | _aRural Geography | ||
| 700 |
_a Findlay Anne _9132019 |
||
| 942 |
_hU45.1(X).N8, M7 _cGB _2CC |
||
| 999 |
_c574766 _d574766 |
||